000 01484nac a22003011i 4500
003 EG-ScBUE
005 20260318092621.0
008 260317t1997 enk f d 000 0 eng d
020 _a0521414210 (hardback)
020 _a9780521414210
040 _aEG-ScBUE
_beng
_erda
_cEG-ScBUE
_dEG-ScBUE
082 0 4 _a580.14
_bMAB
_222
100 1 _aMabberley, David J.,
_d1948-
_eauthor.
245 1 4 _aThe plant-book :
_ba portable dictionary of the vascular plants utilizing Kubitzki's The families and genera of vascular plants (1990-), Cronquist's An integrated system of classification of flowering plants (1981), and current botanical literature, arranged largely on the principles of editions 1-6 (1896/97-1931) of Willis's A dictionary of the flowering plants and ferns /
_cD. J. Mabberley, Wadham College, University of Oxford; Rijksherbarium, University of Leiden; Royal Botanic Gardens Sydney.
246 3 0 _aPlant book
250 _aSecond edition, completely revised, with almost 2500 additional new entries.
264 1 _aCambridge :
_bCambridge University Press,
_c[1997]
264 4 _cc1997
300 _axvi, 858 pages ;
_c24 cm
336 _2rdacontent
_atext
_btxt
337 _aunmediated
_2rdamedia
_bn
338 _avolume
_bnc
_2rdacarrier
650 7 _aPlants
_xNomenclature.
_2BUEsh
650 7 _aPlant names, Popular
_vDictionaries.
_2BUEsh
650 7 _aEnglish language
_xLatin, Medieval and modern
_vDictionaries.
_2BUEsh
655 _vReading book
942 _cNB
_2ddc
999 _c3975
_d3975